I need to know (barbie) - lyrics - Statistics

General Stats
  • This quiz has been taken 81 times
  • The average score is 210 of 268
Answer Stats
Answer % Correct
I
100%
A
95%
Is
95%
Know
95%
The
95%
Need
93%
To
93%
Come
90%
Do
90%
Me
90%
My
90%
Where
90%
From
88%
He
88%
Land
88%
Way
88%
Why
88%
Answers
85%
Find
85%
In
85%
These
85%
And
83%
Be
83%
Learn
83%
Tomorrow
83%
Yesterday
83%
Are
80%
Born
80%
Can
80%
So
80%
Take
80%
Tell
80%
There
80%
Was
80%
What
80%
With
80%
Chances
78%
Could
78%
Inside
78%
She
78%
When
78%
Who
78%
All
76%
Cant
76%
Feel
76%
Feelings
76%
Heart
76%
We
76%
By
73%
Let
73%
Memories
73%
Sea
73%
Seize
73%
Show
73%
Someone
73%
Start
73%
This
73%
Waiting
73%
Does
71%
Family
71%
If
71%
I'm
71%
Still
71%
Storm
71%
What's
71%
Burning
68%
Have
68%
He's
68%
Lives
68%
See
68%
Sleeping
68%
Somewhere
68%
You
68%
Beyond
66%
Go
66%
Here
66%
Look
66%
Missing
66%
Side
66%
Sleeps
66%
Those
66%
Feet
63%
Meet
63%
Not
63%
Questions
63%
Shy
63%
Tree
63%
His
61%
Keep
61%
She's
61%
Turning
61%
Circles
59%
Decide
59%
Hide
59%
Horizons
59%
Of
59%
One
59%
Share
59%
Your
59%
How
56%
Leaping
56%
Want
56%
Churning
54%
Just
54%
Like
54%
I've
51%
Might
51%
That
51%
Think
51%
Through
51%
Times
51%
Amazing
49%
Before
49%
Sure
49%
Tonight
49%
Daring
46%
Different
46%
Everything
46%
Right
46%
Bold
44%
Girls
44%
Isn't
44%
Met
44%
More
15%
No matching quizzes found
Score Distribution
Percent of People with Each Score
Percentile by Number Answered
Your Score History
You have not taken this quiz